| 000 | 00404nam a2200157 a 4500 | ||
|---|---|---|---|
| 005 | 20140310183149.0 | ||
| 008 | 030304s19uu xx 00 eng d | ||
| 050 |
_aRC 523 _b.L785 1990 |
||
| 245 |
_aThe Living death : _bAlzheimer's in America / |
||
| 260 |
_aUSA : _c1990. |
||
| 300 |
_a110 p. : _c18 cm. |
||
| 521 | _aNUR | ||
| 650 | _aAlzheimer's disease. | ||
| 942 |
_cBK _2lcc _kFOR |
||
| 999 |
_c19615 _d19615 |
||